000 00969nas a2200325 4500
001 BR7905922
003 BR-BrBNA
005 20231205083941.0
007 ta
008 230509b bl.|||p| |||| 00| 00por d
040 _aBR-BrBNA
_bpor
_cBiblioteca Nacional de Agricultura
041 _a(Pt)
072 _aL72
100 1 _aDiniz, J.M.F.
100 1 _aWerner, P.R.
100 1 _aVieira, H.R.A.
100 1 _aWendling, N.N.
100 1 _aMartins, C.
100 1 _aGomes, R.C.M.
245 1 _aEstudo sistematico dos quiropteros no litoral do estado do Parana [Morcego; Transmissao de doenca; Brasil]
650 _aPraga de animal
650 _aMorcego
650 _aTransmissao de doenca
650 _aDoenca animal
650 _aRaiva
650 _aPARANÁ
773 0 _tRevista do Setor de Ciencias Agrarias (Brazil)
_xISSN 0100-607X
_g(Aug 1979), v. 1(1) p. 67-70
_wBR7905922
909 _a202311
_bLúcia
_c55
_dLúcia Elande
942 _2AGRIS
_n0
_cANA
999 _c102220
_d102220